| 000 | 00660nam a22002055i 4500 | ||
|---|---|---|---|
| 001 | 177850 | ||
| 003 | ES-MaACL | ||
| 005 | 20230906220429.0 | ||
| 008 | 110503s2001 sp |||| | spa d | ||
| 020 | _a84-95192-62-4 | ||
| 080 | _a821.134.2-14"19" | ||
| 100 | 1 |
_aLuján Atienza, Angel Luis. _974708 |
|
| 245 | 1 | 0 |
_aExperimentos bajo Saturno / _cÁngel Luis Luján Atienza. |
| 260 |
_aCuenca : _bDiputación Provincial de Cuenca, _cimp. 2001. |
||
| 300 |
_a71 p. ; _c21 cm. |
||
| 490 | 1 |
_aColección Golfo de Europa. Poesía ; _v7 |
|
| 830 | 0 |
_aColección Golfo de Europa. Poesía ; _v7 _9190607 |
|
| 852 |
_aES-MaACL _j2296-F-15 |
||
| 999 |
_c177850 _d177850 |
||